<?xml version="1.0" encoding="UTF-8"?>
<record
    xmlns:xsi="http://www.w3.org/2001/XMLSchema-instance"
    xsi:schemaLocation="http://www.loc.gov/MARC21/slim http://www.loc.gov/standards/marcxml/schema/MARC21slim.xsd"
    xmlns="http://www.loc.gov/MARC21/slim">

  <leader>01082nam a22001937a 4500</leader>
  <controlfield tag="005">20250307170713.0</controlfield>
  <datafield tag="010" ind1=" " ind2=" ">
    <subfield code="a">HIN-129483</subfield>
  </datafield>
  <datafield tag="020" ind1=" " ind2=" ">
    <subfield code="c">2850.00</subfield>
    <subfield code="a">9789354425189</subfield>
  </datafield>
  <datafield tag="035" ind1=" " ind2=" ">
    <subfield code="a">HN-101829</subfield>
  </datafield>
  <datafield tag="037" ind1=" " ind2=" ">
    <subfield code="b">DBAD</subfield>
  </datafield>
  <datafield tag="082" ind1=" " ind2=" ">
    <subfield code="a">400.95456</subfield>
  </datafield>
  <datafield tag="245" ind1=" " ind2=" ">
    <subfield code="a">&#x924;&#x94D;&#x930;&#x93F;&#x92A;&#x941;&#x930;&#x93E; &#x915;&#x940; &#x92D;&#x93E;&#x937;&#x93E;&#x90F;&#x901;</subfield>
    <subfield code="b">&#x92D;&#x93E;&#x930;&#x924;&#x940;&#x92F; &#x92D;&#x93E;&#x937;&#x93E; &#x932;&#x94B;&#x915; &#x938;&#x935;&#x947;&#x902;&#x915;&#x94D;&#x937;&#x923; PLSI</subfield>
    <subfield code="c">&#x917;&#x923;&#x947;&#x936; &#x926;&#x947;&#x935;&#x940;, &#x938;&#x941;&#x916;&#x947;&#x928;&#x94D;&#x926;&#x941; &#x926;&#x947;&#x92C;&#x92C;&#x930;&#x94D;&#x92E;&#x93E; &#x926;&#x94D;&#x935;&#x93E;&#x930;&#x93E; &#x938;&#x902;&#x92A;&#x93E;&#x926;&#x93F;&#x924; ; &#x92E;&#x93F;&#x932;&#x928; &#x930;&#x93E;&#x928;&#x940; &#x91C;&#x92E;&#x93E;&#x924;&#x93F;&#x92F;&#x93E; &#x926;&#x94D;&#x935;&#x93E;&#x930;&#x93E; &#x905;&#x928;&#x941;&#x935;&#x93E;&#x926;&#x93F;&#x924; </subfield>
  </datafield>
  <datafield tag="260" ind1=" " ind2=" ">
    <subfield code="a">&#x939;&#x948;&#x926;&#x930;&#x93E;&#x92C;&#x93E;&#x926; </subfield>
    <subfield code="b">&#x913;&#x930;&#x93F;&#x92F;&#x902;&#x91F; &#x92C;&#x94D;&#x932;&#x949;&#x915;&#x938;&#x94D;&#x935;&#x93E;&#x928;  &#x92A;&#x94D;&#x930;&#x93E; .&#x932;&#x93F; .</subfield>
    <subfield code="c">2024</subfield>
  </datafield>
  <datafield tag="270" ind1=" " ind2=" ">
    <subfield code="a">3-6-752 &#x939;&#x93F;&#x92E;&#x93E;&#x92F;&#x924; &#x928;&#x917;&#x930;</subfield>
    <subfield code="b">&#x939;&#x948;&#x926;&#x930;&#x93E;&#x92C;&#x93E;&#x926; </subfield>
    <subfield code="e">500029</subfield>
  </datafield>
  <datafield tag="300" ind1=" " ind2=" ">
    <subfield code="a">240&#x92A;&#x943;.</subfield>
    <subfield code="c">25&#x938;&#x947;&#x92E;&#x940; (&#x938;&#x91C;&#x93F;&#x932;&#x94D;&#x926; )</subfield>
  </datafield>
  <datafield tag="700" ind1=" " ind2=" ">
    <subfield code="a">&#x926;&#x947;&#x92C;&#x92C;&#x930;&#x94D;&#x92E;&#x93E;,&#x938;&#x941;&#x916;&#x947;&#x928;&#x94D;&#x926;&#x941; </subfield>
    <subfield code="9">79445</subfield>
  </datafield>
  <datafield tag="700" ind1=" " ind2=" ">
    <subfield code="a">&#x92E;&#x93F;&#x932;&#x928; &#x930;&#x93E;&#x928;&#x940; &#x91C;&#x92E;&#x93E;&#x924;&#x93F;&#x92F;&#x93E;</subfield>
    <subfield code="9">79446</subfield>
  </datafield>
  <datafield tag="942" ind1=" " ind2=" ">
    <subfield code="2">ddc</subfield>
    <subfield code="c">HN</subfield>
    <subfield code="h">400.95456</subfield>
    <subfield code="m">&#x924;&#x94D;&#x930;&#x93F;&#x92A;&#x941;&#x930;&#x93E;</subfield>
  </datafield>
  <datafield tag="999" ind1=" " ind2=" ">
    <subfield code="c">210189</subfield>
    <subfield code="d">210189</subfield>
  </datafield>
  <datafield tag="952" ind1=" " ind2=" ">
    <subfield code="0">0</subfield>
    <subfield code="1">0</subfield>
    <subfield code="4">0</subfield>
    <subfield code="7">0</subfield>
    <subfield code="8">NFIC</subfield>
    <subfield code="a">M</subfield>
    <subfield code="b">M</subfield>
    <subfield code="d">2025-03-07</subfield>
    <subfield code="e">DBAD</subfield>
    <subfield code="g">2850.00</subfield>
    <subfield code="l">0</subfield>
    <subfield code="o">400.95456 &#x924;&#x94D;&#x930;&#x93F;&#x92A;&#x941;&#x930;&#x93E;</subfield>
    <subfield code="p">HN-101829</subfield>
    <subfield code="r">2025-03-07 00:00:00</subfield>
    <subfield code="t">1</subfield>
    <subfield code="v">2850.00</subfield>
    <subfield code="w">2025-03-07</subfield>
    <subfield code="y">HN</subfield>
  </datafield>
</record>
